European office vacancy rate back to 1990s levels (Record no. 72637)

MARC details
000 -LEADER
fixed length control field 01162cam a2200241 4500
001 - CONTROL NUMBER
control field WB3917-05
008 - FIXED-LENGTH DATA ELEMENTS--GENERAL INFORMATION
fixed length control field 030508n2003 000 0 eng u
035 ## - SYSTEM CONTROL NUMBER
System control number (Sirsi) u122217
245 ## - TITLE STATEMENT
Title European office vacancy rate back to 1990s levels
260 ## - PUBLICATION, DISTRIBUTION, ETC.
Date of publication, distribution, etc. 2003
490 ## - SERIES STATEMENT
Series statement Jones Lang LaSalle Press Release
Volume/sequential designation 1 May 2003 (1)
520 ## - SUMMARY, ETC.
Summary, etc. At the end of March 2003 the average vacancy rate across western Europe reached 7.7%, returning to the peak levels seen during the downturn of the early 1990s. On average, prime office rents fell by 8.6% during 2002. According to the latest edition of Jones Lang LaSalle (JLL) "European office property clock" report occupier demand for office space remained weak in the first quarter 2003 and leasing activity was 16% below that in the previous fourth quarter 2002. http://www.joneslanglasalle.com/news/2003/05May/PropertyClock.html
590 ## - LOCAL NOTE (RLIN)
Local note WB
650 ## - SUBJECT ADDED ENTRY--TOPICAL TERM
Topical term or geographic name entry element OFFICE VACANCY RATES
650 ## - SUBJECT ADDED ENTRY--TOPICAL TERM
Topical term or geographic name entry element OFFICE SPACE
650 ## - SUBJECT ADDED ENTRY--TOPICAL TERM
Topical term or geographic name entry element OFFICE RENTS
650 ## - SUBJECT ADDED ENTRY--TOPICAL TERM
Topical term or geographic name entry element EUROPE
650 ## - SUBJECT ADDED ENTRY--TOPICAL TERM
Topical term or geographic name entry element JONES LANG LASALLE
650 ## - SUBJECT ADDED ENTRY--TOPICAL TERM
Topical term or geographic name entry element RENTAL CYCLES
650 ## - SUBJECT ADDED ENTRY--TOPICAL TERM
Topical term or geographic name entry element OCCUPIER DEMAND
690 ## - LOCAL SUBJECT ADDED ENTRY--TOPICAL TERM (OCLC, RLIN)
Topical term or geographic name as entry element PROPERTY-COMMERCIAL PROPERTY
942 ## - ADDED ENTRY ELEMENTS (KOHA)
Suppress in OPAC 0
Holdings
Withdrawn status Lost status Source of classification or shelving scheme Damaged status Not for loan Home library Current library Shelving location Date acquired Total Checkouts Full call number Barcode Date last seen Copy number Price effective from Koha item type
    Dewey Decimal Classification     London London News article 08/05/2003   WB3917-05 122217-1001 06/08/2019 1 06/08/2019 News article